Tanz auf Messers Schneide: Kriminalität und Recht in den Ghettos Warschau, Litzmannstadt und Wilna

Saved in:  
Bibliographic Details
Main Author: Bethke, Svenja (Author)
Corporate Author: Hamburger Edition. Verlag
Format: Print Book
Language:German
Published: Hamburg Hamburger Edition September 2015
In:Year: 2015
Edition:1. Auflage
Online Access: Book review (H-Net)
Inhaltsbeschreibung
Inhaltstext (Publisher)
Table of Contents
Check availability: HBZ Gateway
Subito Delivery Service: Order now.
Keywords:

MARC

LEADER 00000cam a2200000 c 4500
001 825557798
003 DE-627
005 20260206154814.0
007 tu
008 150518s2015 gw ||||| m 00| ||ger c
015 |a 15,N21  |2 dnb 
015 |a 16,A47  |2 dnb 
016 7 |a 107094081X  |2 DE-101 
020 |a 3868542957  |c Englbr. : EUR 28.00 (DE), EUR 28.80 (AT), sfr 38.50 (freier Pr.)  |9 3-86854-295-7 
020 |a 9783868542950  |c  : Englbr. : EUR 28.00 (DE), EUR 28.80 (AT), sfr 38.50 (freier Pr.)  |9 978-3-86854-295-0 
035 |a (DE-627)825557798 
035 |a (DE-603)359459048 
035 |a (DE-576)9825557796 
035 |a (DE-599)DNB107094081X 
035 |a (OCoLC)928726650 
035 |a (OCoLC)925415783 
035 |a (DE-605)HT018641237 
040 |a DE-627  |b ger  |c DE-627  |e rda 
041 |a ger 
044 |c XA-DE-HH 
050 0 |a DS134.64 
082 0 |a 940.53185  |q DE-101  |2 22/ger 
082 0 4 |a 940  |a 943  |q DE-101 
084 |a 2,1  |2 ssgn 
084 |a BD 7110  |q OBV  |2 rvk  |0 (DE-625)rvk/10251: 
084 |a NQ 2360  |q BVB  |2 rvk  |0 (DE-625)rvk/128255: 
084 |a NQ 2760  |q BVB  |2 rvk  |0 (DE-625)rvk/128314: 
084 |a NQ 4700  |2 rvk  |0 (DE-625)rvk/128514: 
084 |a NQ 5040  |2 rvk  |0 (DE-625)rvk/128526: 
084 |a NT 3900  |2 rvk  |0 (DE-625)rvk/131062: 
084 |a NT 6900  |2 rvk  |0 (DE-625)rvk/131090: 
084 |a 11.20  |2 bkl 
084 |a 15.24  |2 bkl 
084 |a 15.96  |2 bkl 
084 |a 89.21  |2 bkl 
084 |a 89.58  |2 bkl 
100 1 |a Bethke, Svenja  |e VerfasserIn  |0 (DE-588)1050186125  |0 (DE-627)783579055  |0 (DE-576)404398340  |4 aut 
109 |a Bethke, Svenja 
240 1 0 |a ,,Kriminalität" und ,,Recht" in den jüdischen Ghettos Warschau, Litzmannstadt und Wilna im Zweiten Weltkrieg 
245 1 0 |a Tanz auf Messers Schneide  |b Kriminalität und Recht in den Ghettos Warschau, Litzmannstadt und Wilna  |c Svenja Bethke 
250 |a 1. Auflage 
264 1 |a Hamburg  |b Hamburger Edition  |c September 2015 
300 |a 316 Seiten 
336 |a Text  |b txt  |2 rdacontent 
337 |a ohne Hilfsmittel zu benutzen  |b n  |2 rdamedia 
338 |a Band  |b nc  |2 rdacarrier 
490 0 |a Studien zur Gewaltgeschichte des 20. Jahrhunderts 
500 |a Literaturverzeichnis Seite 305-[317] 
502 |b Dissertation  |c Fachbereich Geschichtswissenschaft der Universität Hamburg  |d 2014 
648 7 |a Geschichte 1940-1943  |2 gnd 
650 0 |a Holocaust, Jewish (1939-1945)  |z Poland  |z Warsaw 
650 0 |a Holocaust, Jewish (1939-1945)  |z Poland  |z Łódź 
650 0 |a Holocaust, Jewish (1939-1945)  |z Lithuania  |z Vilnius 
650 0 |a Crime Prevention  |z Poland  |z Warsaw 
650 0 |a Crime Prevention  |z Poland  |z Łódź 
650 0 |a Crime Prevention  |z Lithuania  |z Vilnius 
650 0 7 |0 (DE-588)4157319-5  |0 (DE-627)104358661  |0 (DE-576)20983353X  |a Getto  |2 gnd 
650 0 7 |0 (DE-588)4033178-7  |0 (DE-627)10458503X  |0 (DE-576)209000511  |a Kriminalität  |2 gnd 
650 0 7 |0 (DE-588)4073136-4  |0 (DE-627)106093207  |0 (DE-576)209189509  |a Justiz  |2 gnd 
651 7 |0 (DE-588)4079048-4  |0 (DE-627)106075659  |0 (DE-576)209210850  |a Warschau  |2 gnd 
651 7 |0 (DE-588)4074299-4  |0 (DE-627)862635063  |0 (DE-576)209193220  |a Lodz  |2 gnd 
651 7 |0 (DE-588)5057560-0  |0 (DE-627)10409334X  |0 (DE-576)194215717  |a Vilnius  |2 gnd 
655 7 |a Hochschulschrift  |0 (DE-588)4113937-9  |0 (DE-627)105825778  |0 (DE-576)209480580  |2 gnd-content 
689 0 0 |d g  |0 (DE-588)4079048-4  |0 (DE-627)106075659  |0 (DE-576)209210850  |a Warschau  |2 gnd 
689 0 1 |d g  |0 (DE-588)4074299-4  |0 (DE-627)862635063  |0 (DE-576)209193220  |a Lodz  |2 gnd 
689 0 2 |d g  |0 (DE-588)5057560-0  |0 (DE-627)10409334X  |0 (DE-576)194215717  |a Vilnius  |2 gnd 
689 0 3 |d s  |0 (DE-588)4157319-5  |0 (DE-627)104358661  |0 (DE-576)20983353X  |a Getto  |2 gnd 
689 0 4 |d s  |0 (DE-588)4033178-7  |0 (DE-627)10458503X  |0 (DE-576)209000511  |a Kriminalität  |2 gnd 
689 0 5 |d s  |0 (DE-588)4073136-4  |0 (DE-627)106093207  |0 (DE-576)209189509  |a Justiz  |2 gnd 
689 0 5 |a z  |2 gnd  |a Geschichte 1940-1943 
689 0 |5 DE-101 
689 1 0 |d g  |0 (DE-588)4079048-4  |0 (DE-627)106075659  |0 (DE-576)209210850  |a Warschau  |2 gnd 
689 1 1 |d s  |0 (DE-588)4157319-5  |0 (DE-627)104358661  |0 (DE-576)20983353X  |a Getto  |2 gnd 
689 1 2 |d s  |0 (DE-588)4073136-4  |0 (DE-627)106093207  |0 (DE-576)209189509  |a Justiz  |2 gnd 
689 1 |5 (DE-627) 
689 2 0 |d g  |0 (DE-588)4074299-4  |0 (DE-627)862635063  |0 (DE-576)209193220  |a Lodz  |2 gnd 
689 2 1 |d s  |0 (DE-588)4157319-5  |0 (DE-627)104358661  |0 (DE-576)20983353X  |a Getto  |2 gnd 
689 2 2 |d s  |0 (DE-588)4073136-4  |0 (DE-627)106093207  |0 (DE-576)209189509  |a Justiz  |2 gnd 
689 2 |5 (DE-627) 
689 3 0 |d g  |0 (DE-588)5057560-0  |0 (DE-627)10409334X  |0 (DE-576)194215717  |a Vilnius  |2 gnd 
689 3 1 |d s  |0 (DE-588)4157319-5  |0 (DE-627)104358661  |0 (DE-576)20983353X  |a Getto  |2 gnd 
689 3 2 |d s  |0 (DE-588)4073136-4  |0 (DE-627)106093207  |0 (DE-576)209189509  |a Justiz  |2 gnd 
689 3 |5 (DE-627) 
710 2 |a Hamburger Edition  |e Verlag  |0 (DE-588)1065498896  |0 (DE-627)816763089  |0 (DE-576)425252078  |4 pbl 
787 0 8 |i Rezensiert in  |w (DE-603)400300931 
787 0 8 |i Rezensiert in  |w (DE-603)400017563 
787 0 8 |i Rezensiert in  |w (DE-603)475078462 
787 0 8 |i Rezension in  |w (DE-603)420988718 
787 0 8 |i Rezensiert in  |w (DE-603)468563164 
787 0 8 |i Rezensiert in  |w (DE-603)508294096 
856 4 2 |u http://www.h-net.org/reviews/showrev.php?id=46650  |v 2016-07-13  |x Verlag  |y Book review (H-Net)  |7 1 
856 4 2 |u http://deposit.dnb.de/cgi-bin/dokserv?id=5251797&prov=M&dok_var=1&dok_ext=htm  |m X:MVB  |q text/html  |x Verlag  |3 Inhaltstext  |7 1 
856 4 2 |u http://scans.hebis.de/HEBCGI/show.pl?35945904_toc.pdf  |m V:DE-603;B:DE-17  |q application/pdf  |3 Inhaltsverzeichnis  |7 1 
856 4 2 |u http://www.his-online.de/verlag/9010/programm/detailseite/publikationen/tanz-auf-messers-schneide/  |x Verlag  |y Inhaltsbeschreibung  |7 1 
936 r v |a BD 7110  |b Konzentrationslager und Ghetto  |k Theologie und Religionswissenschaften  |k Judaistik  |k Religions- und Kulturgeschichte der Juden  |k 20. und 21. Jahrhundert (seit ca. 1930)  |k Judenvernichtung (1933 - 1945)  |k Konzentrationslager und Ghetto  |0 (DE-627)1363227858  |0 (DE-625)rvk/10251:  |0 (DE-576)293227853 
936 r v |a NQ 2360  |b Judenverfolgung / Antisemitismus im Dritten Reich (Judenfrage)  |k Geschichte  |k Geschichte seit 1918  |k Drittes Reich  |k Innere Geschichte  |k NS-Terror  |k Judenverfolgung / Antisemitismus im Dritten Reich (Judenfrage)  |0 (DE-627)1270699571  |0 (DE-625)rvk/128255:  |0 (DE-576)200699571 
936 r v |a NQ 2760  |b Deutsche Besatzungspolitik  |k Geschichte  |k Geschichte seit 1918  |k Geschichte des Zweiten Weltkrieges  |k Sonderprobleme  |k Deutsche Besatzungspolitik  |0 (DE-627)1271460602  |0 (DE-625)rvk/128314:  |0 (DE-576)201460602 
936 r v |a NQ 4700  |b Geschichte 1939 - 1944/45: Besatzung und Untergrund, Polen im Exil  |k Geschichte  |k Geschichte seit 1918  |k Geschichte der auswärtigen Staaten (1918 - 1945)  |k Ostmittel- und Osteuropa  |k Polen  |k Geschichte 1939 - 1944/45: Besatzung und Untergrund, Polen im Exil  |0 (DE-627)1271119668  |0 (DE-625)rvk/128514:  |0 (DE-576)201119668 
936 r v |a NQ 5040  |b Litauen  |k Geschichte  |k Geschichte seit 1918  |k Geschichte der auswärtigen Staaten (1918 - 1945)  |k Ostmittel- und Osteuropa  |k Baltikum  |k Litauen  |0 (DE-627)1271472007  |0 (DE-625)rvk/128526:  |0 (DE-576)201472007 
936 r v |a NT 3900  |b Strafrecht und Strafprozess (Strafvollzug)  |k Geschichte  |k Allgemeine Rechts-, Verfassungs- und Verwaltungsgeschichte  |k Darstellungen zur Rechts-, Verfassungs- und Verwaltungsgeschichte  |k Geschichte einzelner Rechtsinstitute  |k Strafrecht und Strafprozess (Strafvollzug)  |0 (DE-627)1271538547  |0 (DE-625)rvk/131062:  |0 (DE-576)201538547 
936 r v |a NT 6900  |b Westslawen (Tschechen, Slowaken, Polen)  |k Geschichte  |k Allgemeine Rechts-, Verfassungs- und Verwaltungsgeschichte  |k Darstellungen zur Rechts-, Verfassungs- und Verwaltungsgeschichte  |k Einzelne Staaten und Völker  |k Europa  |k Slawen (allgemein)  |k Westslawen (Tschechen, Slowaken, Polen)  |0 (DE-627)1271497115  |0 (DE-625)rvk/131090:  |0 (DE-576)201497115 
936 b k |a 11.20  |j Judentum: Allgemeines  |x Religionswissenschaft  |0 (DE-627)106419838 
936 b k |a 15.24  |j Zweiter Weltkrieg  |0 (DE-627)181571013 
936 b k |a 15.96  |j Geschichte des jüdischen Volkes außerhalb des Staates Israel  |0 (DE-627)106404660 
936 b k |a 89.21  |j Faschismus  |0 (DE-627)106414607 
936 b k |a 89.58  |j Politische Gewalt  |0 (DE-627)106416960 
936 s n |a n100  |2 mzub 
951 |a BO 
ELC |b 1 
ORI |a SA-MARC-krimdok_oa001.raw 
TIM |a 100019400101_100019431231  |b Geschichte 1940-1943